Contemplation of Otherness (Record no. 6382)

MARC details
000 -LEADER
fixed length control field 00647nam a2200241 a 4500
020 ## - INTERNATIONAL STANDARD BOOK NUMBER
ISBN 0865543
082 00 - DEWEY DECIMAL CLASSIFICATION NUMBER
Classification number 207
Author Cutter WEN
100 ## - MAIN ENTRY--AUTHOR NAME
Author name Wentz, Richard Eugene
245 ## - TITLE STATEMENT
Title Contemplation of Otherness
Sub title the Critical Vision of Religion
260 ## - PUBLICATION, DISTRIBUTION, ETC. (IMPRINT)
Place of publication USA
Name of publisher Mercer University Press
Year of publication 1984
300 ## - PHYSICAL DESCRIPTION
Number of Pages 132p
500 ## - GENERAL NOTE
General note includes index and biblioraphy
505 2# - FORMATTED CONTENTS NOTE
Formatted contents note Index
650 ## - SUBJECT ADDED ENTRY--TOPICAL TERM
Topical Term Christianity-Study and Teaching
942 ## - ADDED ENTRY ELEMENTS (KOHA)
Koha item type Books
700 1# -
-- Wentz, Richard Eugene
Holdings
Collection code Home library Current library Date acquired Cost, normal purchase price Full call number Accession Number Koha item type
  Henry Martyn Institute Library Henry Martyn Institute Library 04/25/2008 294.00 207 WEN 014991 Books
                   Copyright © 2026 | Henry Martyn Institute | Hyderabad | TS-500052 | INDIA | Implemented by hmi.edu.in
Hit-Count:

Powered by Koha